| Tag |
First Indicator |
Second Indicator |
Subfields |
| LEADER |
00000cam a2200000 i 4500 |
| 001 |
in00000741237 |
| 005 |
20230221121334.0 |
| 008 |
890821s1988 nyub 000 f eng |
| 010 |
|
|
|a 88047806
|
| 019 |
|
|
|a 18697658
|a 779377416
|
| 020 |
|
|
|a 0345331605
|q (hb)
|
| 020 |
|
|
|a 9780345331601
|q (hb)
|
| 020 |
|
|
|a 0345362861
|q (pbk.)
|
| 020 |
|
|
|a 9780345362865
|q (pbk.)
|
| 029 |
1 |
|
|a AU@
|b 000005905643
|
| 029 |
1 |
|
|a GBVCP
|b 114324298
|
| 029 |
1 |
|
|a NZ1
|b 228656
|
| 029 |
1 |
|
|a NZ1
|b 5079457
|
| 029 |
1 |
|
|a UKTLS
|b 009757473
|
| 029 |
1 |
|
|a UNITY
|b 009757473
|
| 035 |
|
|
|a (OCoLC)ocm17982185
|
| 035 |
|
|
|a (OCoLC)17982185
|z (OCoLC)18697658
|z (OCoLC)779377416
|
| 035 |
|
|
|a (OCoLC)ocm17982185
|
| 040 |
|
|
|a DLC
|b eng
|e rda
|c DLC
|d OCL
|d BTCTA
|d BAKER
|d YDXCP
|d BNO
|d YVO
|d GBVCP
|d OCLCO
|d OCLCF
|d OCLCQ
|d OCLCO
|d MQ9
|d OCLCO
|d D8D
|d OCLCO
|d OCL
|d RB0
|d AL5CO
|d OCLCO
|d OCLCQ
|d COH
|d CDS
|d OCL
|d RCL
|d CSA
|d NZ1
|d OCLCO
|d UTP
|d JZ6
|d OCLCO
|d MQS
|d IPU
|d J@R
|d OCLCO
|d UOJ
|d OCLCO
|d OCL
|d NMP
|d TXA
|
| 042 |
|
|
|a pcc
|
| 050 |
0 |
0 |
|a PS3563.A255
|b D76 1988
|
| 050 |
|
4 |
|a PS3563.A255
|b D762 1988
|
| 082 |
0 |
0 |
|a 813/.54
|2 19
|
| 084 |
|
|
|a Fantasy
|2 asb
|
| 084 |
|
|
|a e
|2 asb
|
| 100 |
1 |
|
|a McCaffrey, Anne,
|e author.
|
| 245 |
1 |
0 |
|a Dragonsdawn /
|c Anne McCaffrey.
|
| 250 |
|
|
|a First edition.
|
| 264 |
|
1 |
|a New York :
|b Ballantine Books,
|c 1988.
|
| 300 |
|
|
|a 431 pages :
|b maps ;
|c 24 cm.
|
| 336 |
|
|
|a text
|b txt
|2 rdacontent
|
| 337 |
|
|
|a unmediated
|b n
|2 rdamedia
|
| 338 |
|
|
|a volume
|b nc
|2 rdacarrier
|
| 500 |
|
|
|a Part of a cycle The dragonriders of Pern.
|
| 500 |
|
|
|a First edition November 1988.
|
| 500 |
|
|
|a "A Del Rey book"--Title page, title page verso, and book jacket back flap and spine.
|
| 500 |
|
|
|a "Del Rey"--Title page and book jacket back flap and spine.
|
| 500 |
|
|
|a Jacket painting: Michael Whelan.
|
| 500 |
|
|
|a Maps on endpapers.
|
| 520 |
|
|
|a Deadly spores threaten the human colony of Pern unless the colonists, with help from geneticist Kitti Ping, can develop fire-breathing dragons to combat the menace.
|
| 650 |
|
0 |
|a Pern (Imaginary place)
|v Fiction.
|
| 650 |
|
0 |
|a Life on other planets
|v Fiction.
|
| 650 |
|
0 |
|a Space colonies
|v Fiction.
|
| 650 |
|
0 |
|a Dragons
|v Fiction.
|
| 650 |
|
2 |
|a Science fiction.
|
| 650 |
|
6 |
|a Vie extraterrestre
|v Romans, nouvelles, etc.
|
| 650 |
|
6 |
|a Colonies spatiales
|v Romans, nouvelles, etc.
|
| 650 |
|
6 |
|a Dragons
|v Romans, nouvelles, etc.
|
| 650 |
|
7 |
|a Dragons.
|2 fast
|0 (OCoLC)fst00897397
|
| 650 |
|
7 |
|a Life on other planets.
|2 fast
|0 (OCoLC)fst00998301
|
| 650 |
|
7 |
|a Pern (Imaginary place)
|2 fast
|0 (OCoLC)fst01058274
|
| 650 |
|
7 |
|a Space colonies.
|2 fast
|0 (OCoLC)fst01127662
|
| 650 |
|
7 |
|a Pern (Imaginary place)
|v Fiction.
|2 sears
|
| 650 |
|
7 |
|a Dragons
|v Fiction.
|2 sears
|
| 650 |
|
7 |
|a Fantasy fiction.
|2 sears
|
| 653 |
|
0 |
|a Dragons
|a Fiction
|
| 653 |
|
0 |
|a Life on other planets
|a Fiction
|
| 653 |
|
0 |
|a Pern (Imaginary place)
|a Fiction
|
| 653 |
|
0 |
|a Space colonies
|a Fiction
|
| 655 |
|
0 |
|a Young adult fiction.
|
| 655 |
|
4 |
|a Fantasy fiction.
|
| 655 |
|
7 |
|a Young adult works.
|2 fast
|0 (OCoLC)fst01726790
|
| 655 |
|
7 |
|a Science fiction.
|2 fast
|0 (OCoLC)fst01726489
|
| 655 |
|
7 |
|a Fantasy fiction.
|2 fast
|0 (OCoLC)fst01726607
|
| 655 |
|
7 |
|a Fiction.
|2 fast
|0 (OCoLC)fst01423787
|
| 655 |
|
7 |
|a Science fiction.
|2 gsafd
|
| 655 |
|
7 |
|a Science fiction.
|2 lcgft
|
| 655 |
|
7 |
|a Fantasy fiction.
|2 lcgft
|
| 655 |
|
7 |
|a Novels.
|2 lcgft
|
| 700 |
1 |
|
|a Whelan, Michael,
|d 1950-
|e illustrator.
|
| 938 |
|
|
|a Baker & Taylor
|b BKTY
|c 18.95
|d 14.21
|i 0345331605
|n 0001433670
|s active
|
| 938 |
|
|
|a Baker & Taylor
|b BKTY
|c 25.00
|d 29.95
|i 0893662135
|n 0002262935
|s active
|
| 938 |
|
|
|a Baker and Taylor
|b BTCP
|n 88047806
|c $18.95
|
| 938 |
|
|
|a YBP Library Services
|b YANK
|n 300938
|
| 948 |
|
|
|h HELD BY TXA - 1494 OTHER HOLDINGS
|
| 994 |
|
|
|a Z0
|b TXA
|
| 999 |
f |
f |
|s da4af925-44c7-32fb-8929-e34bf11eb72b
|i 0d448635-cde0-3823-8462-92f61ea58b93
|t 0
|
| 952 |
f |
f |
|p ric
|a Texas A&M University
|b Rellis Campus
|c Joint Library Facility
|s JLF
|d Remote Storage
|t 0
|e PS3563.A255 D76 1988
|h Library of Congress classification
|i unmediated -- volume
|m A14811654623
|
| 998 |
f |
f |
|a PS3563.A255 D76 1988
|t 0
|l Remote Storage
|